BÜYÜK ATLAS (Kayıt no. 761946)

MARC ayrıntıları
000 -LEADER
sabit uzunluktaki kontrol alanı 00241nam a2200097Ia 4500
001 - KONTROL NUMARASI
kontrol alanı 761946
005 - EN SON İŞLEMİN TARİH VE ZAMANI
kontrol alanı 20250826165216.0
008 - SABİT-UZUNLUKTA VERİ ÖĞELERİ--GENEL BİLGİ
sabit uzunluktaki kontrol alanı 250824s9999 xx 000 0 und d
245 #0 - ESER / YAZAR
ESER ADI BÜYÜK ATLAS
Yazar Adı KARATAY YAYINLARI
260 ## - YAYIN, DAĞITIM, VB.
YAYIN EVİ KARATAY YAYINLARI

Kullanılabilir materyal yok.

Gemini Bilgi Teknolojileri A.Ş. tarafından düzenlenmiştir.